La música en el siglo XIX.
Guardat en:
| Autor principal: | |
|---|---|
| Altres autors: | |
| Format: | Desconegut |
| Idioma: | anglès |
| Publicat: |
Madrid, España:
Ediciones Akal,
2018.
|
| Col·lecció: | Historia de la Música Occidental en Contexto,
|
| Matèries: | |
| Etiquetes: |
Afegir etiqueta
Sense etiquetes, Sigues el primer a etiquetar aquest registre!
|
MARC
| LEADER | 00000 a2200000 4500 | ||
|---|---|---|---|
| 003 | CL-VaPUC | ||
| 005 | 20240312092259.0 | ||
| 008 | 240304t2018 ||||| |||| 00| 0 eng d | ||
| 999 | |c 443076 |d 443074 | ||
| 020 | |a 978-84-460-4648-6 | ||
| 040 | |c Pontificia Universidad Católica de Valparaíso | ||
| 082 | |2 22 |a 780.9034 FRI 2018 | ||
| 100 | |a Frisch, Walter |9 887444 |e autor | ||
| 245 | |a La música en el siglo XIX. | ||
| 260 | |a Madrid, España: |b Ediciones Akal, |c 2018. | ||
| 300 | |a 329 páginas. | ||
| 490 | |a Historia de la Música Occidental en Contexto, |n 65. | ||
| 583 | |k GC |c 20240304 | ||
| 650 | 0 | |9 306741 |a Historia de la música |x Romanticismo, realismo, nacionalismo, etc. |y Siglo 19 | |
| 700 | |9 877785 |a González-Castelao, Juan |e traducción | ||
| 942 | |2 ddc |c BK | ||
| 952 | |0 0 |1 0 |2 ddc |4 0 |6 780_903400000000000_FRI_2018 |7 0 |8 A |9 593478 |a BIBEDU |b BIBEDU |c GEN |d 2024-01-31 |e 3 |g 26494.00 |i 5660110 |l 1 |o 780.9034 FRI 2018 |p 5660110 |r 2024-09-11 |s 2024-08-13 |t 1 |v 26494.00 |w 2024-01-31 |y BK |k MUS | ||